Números / (Registro nro. 58048)
[ vista simple ]
| 000 -CABECERA | |
|---|---|
| Longitud fija campo de control | 01026nam a2200325 a 4500 |
| 003 - • IDENTIFICADOR DELl NÚMERO DE CONTROL | |
| Identificador del número de control | CO-BoRNBP |
| 005 - • FECHA Y HORA DE LA ÚLTIMA TRANSACCIÓN | |
| Fecha y hora de la última transacción | 20250814214456.0 |
| 007 - • CAMPO FIJO DE DESCRIPCIÓN FÍSICA | |
| Campo fijo de descripción física | ta |
| 008 - • CÓDIGOS DE INFORMACIÓN DE LONGITUD FIJA | |
| Códigos de información de longitud fija | 150107s2014 sp a gr 000 0 spa d |
| 020 ## - • NÚMERO INTERNACIONAL NORMALIZADO PARA LIBROS | |
| Número Internacional Normalizado para Libros (ISBN) | 9788492608782 |
| 040 ## - FUENTE DE LA CATALOGACIÓN | |
| Centro catalogador de origen | CO-BoBLA |
| Lengua de catalogación | spa |
| Centro transcriptor | CO-BoBLA |
| 041 1# - • CÓDIGO DE LENGUA | |
| Código de lengua del texto/banda sonora o título independiente | spa |
| Código de lengua original | eng |
| 082 04 - • NÚMERO DE LA CLASIFICACIÓN DECIMAL DEWEY | |
| Número de clasificación (R) | I372.7 |
| Número del ítem | L46n |
| Número de edición | 21 |
| 100 1# - • PUNTO DE ACCESO PRINCIPAL-NOMBRE DE PERSONA | |
| Nombre de persona | Lionni, Leo, |
| Fechas asociadas al nombre | 1910-1999. |
| 240 10 - • TÍTULO UNIFORME | |
| Título uniforme | <a href="Valle del Cauca-Bibliografía regional">Valle del Cauca-Bibliografía regional</a> |
| 245 10 - • TITULO PROPIAMENTE DICHO | |
| Título | Números / |
| Mención de responsabilidad, etc. | Leo Lionni, Antonio Rubio. |
| 250 ## - • MENCIÓN DE EDICIÓN | |
| Mención de edición | 1a. edición |
| 264 #4 - PRODUCCIÓN, PUBLICACIÓN , DISTRIBUCIÓN, FABRICACIÓN Y COPYRIGHT | |
| Lugar de producción, publicación, distribución, fabricación | Sevilla : |
| Nombre del productor, editor, distribuidor, fabricante | Kalandraka Ediciones Andalucía, |
| Fecha de de producción, publicación, distribución, fabricación o copyright | 2014. |
| 300 ## - • DESCRIPCIÓN FÍSICA | |
| Extensión | [12] páginas : |
| Otras características físicas | ilustraciones ; |
| Dimensiones | 16 cm. |
| 336 ## - TIPO DE CONTENIDO | |
| Término de tipo de contenido | texto |
| Código de tipo de contenido | txt [ |
| Fuente | rdacontent] |
| 337 ## - TIPO DE MEDIO | |
| Nombre del tipo de medio | sin mediación |
| Código del tipo de medio | n [ |
| Fuente | rdamedia] |
| 338 ## - TIPO DE SOPORTE | |
| Nombre del tipo de soporte | volumen |
| Código del tipo de soporte | nc [ |
| Fuente | rdacarrier] |
| 534 ## - • Nota De Versión Original | |
| Título | Numbers. |
| 650 #7 - • PUNTO DE ACCESO ADICIONAL DE MATERIA - TÉRMINO DE MATERIA | |
| Término de materia o nombre geográfico como elemento inicial | Libros ilustrados para niños. |
| Fuente del encabezamiento o término | BLAAUTO |
| 650 #7 - • PUNTO DE ACCESO ADICIONAL DE MATERIA - TÉRMINO DE MATERIA | |
| Término de materia o nombre geográfico como elemento inicial | Números |
| Subdivisión de materia general | Enseñanza preescolar. |
| Fuente del encabezamiento o término | BLAAUTO |
| 700 1# - • PUNTO DE ACCESO ADICIONAL - NOMBRE DE PERSONA | |
| Nombre de persona | Rubio Herrero, Antonio, |
| Fechas asociadas al nombre | 1953- |
| 942 ## - ENTRADA DE ELEMENTOS AGREGADOS (KOHA) | |
| Fuente de clasificaión o esquema | Dewey Decimal Classification |
| Koha [por defecto] tipo de item | LIbro |
| 949 ## - TRATAMIENTO DE LA INFORMACIÓN LOCAL (OCLC) | |
| a | n |
| b | n |
| Perdido | Fuente de clasificación o esquema | Estado Físico | No para préstamo | Forma de adquisición | Localización permanente | Localización actual | Localización en estanterías | Fecha adquisición | Préstamos totales | Signatura completa | Código de barras | Fecha última consulta | Número de copia | Fecha del precio de reemplazo | Tipo de item de Koha |
|---|---|---|---|---|---|---|---|---|---|---|---|---|---|---|---|
| Dewey Decimal Classification | Infantil | Biblioteca Pública Medellin del Ariari - El Castillo | Biblioteca Pública Medellin del Ariari - El Castillo | Literatura | 08/14/2025 | I372.7 L46n | MDA001237 | 08/14/2025 | Ej.1 | 08/14/2025 | LIbro |